[Event "Tournament 14459 - Europe Echecs"]
[Site "Europe Echecs"]
[Date "2020.07.07"]
[Round "7"]
[Time "17:22:51"]
[PlyCount "71"]
[White "LentieulElliot"]
[Black "HeemAlice"]
[WhiteElo "1000"]
[BlackElo "1203"]
[Mode "WEB"]
[Result "0-1"]

1. d4 Nf6 2. c4 g6 3. Nf3 Bg7 4. e3 d6 5. Bd3 Nbd7 6. O-O O-O 7. Nc3 Re8 8. Bd2
e5 9. dxe5 dxe5 10. Ne4 Nxe4 11. Bxe4 Rb8 12. Qa4 b6 13. Qxa7 Qe7 14. Qa3 Qe6
15. Bd5 Qf6 16. Qd3 e4 17. Bxe4 Nc5 18. Qa3 Nxe4 19. Qa4 Bf5 20. Nd4 Nxd2 21.
Nc6 Rbc8 22. Na7 Ra8 23. Rfd1 Qxb2 24. Rab1 Bxb1 25. Qd7 Nxc4 26. Nb5 Rac8 27.
Nd4 Bxd4 28. exd4 Qe2 29. Rf1 Nd2 30. h3 Qxf1+ 31. Kh2 Rcd8 32. Qxc7 Rxd4 33.
Qxb6 Rde4 34. f3 Re2 35. Qb5 Qxg2# {LentieulElliot est échec et mat} 0-1

[Event "Tournament 14459 - Europe Echecs"]
[Site "Europe Echecs"]
[Date "2020.07.07"]
[Round "7"]
[Time "17:22:51"]
[PlyCount "104"]
[White "DemangeTheopha"]
[Black "SenegasAngelo"]
[WhiteElo "799"]
[BlackElo "1200"]
[Mode "WEB"]
[Result "1-0"]

1. e4 e5 2. Nf3 Nc6 3. Nc3 Bc5 4. Bb5 d6 5. Bxc6+ bxc6 6. d4 exd4 7. Nxd4 Bxd4
8. Qxd4 Nf6 9. O-O O-O 10. Bg5 h6 11. Bxf6 Qxf6 12. Qxf6 gxf6 13. Rad1 Rb8 14.
b3 Be6 15. Rfe1 Kh7 16. Re3 Rg8 17. Rg3 Rg6 18. Rxg6 fxg6 19. h3 g5 20. Kh2 Rb6
21. g3 Rb8 22. f3 f5 23. exf5 Bxf5 24. Rd2 Re8 25. g4 Bg6 26. Kg3 Re3 27. Na4
Be4 28. Rf2 Kg6 29. Kg2 Kf6 30. fxe4+ Ke5 31. Kf1 Rxe4 32. Re2 d5 33. Rxe4+ dxe4
34. Nc5 e3 35. Na6 Kd4 36. Nxc7 Kc3 37. Ke2 Kd4 38. Ne6+ Ke4 39. Nc5+ Kd4 40.
Ne6+ Ke4 41. Ng7 c5 42. Nf5 a5 43. Nxh6 Kf4 44. Nf5 Ke4 45. Nxe3 Kf4 46. Nc4 Kg3
47. Nxa5 Kxh3 48. Kf3 Kh4 49. Nb7 Kh3 50. Nxc5 Kh4 51. b4 Kh3 52. b5 {SenegasAngelo a abandonné} 1-0

[Event "Tournament 14459 - Europe Echecs"]
[Site "Europe Echecs"]
[Date "2020.07.07"]
[Round "7"]
[Time "17:22:51"]
[PlyCount "62"]
[White "NeyAlexandreYl"]
[Black "VirgoNathan"]
[WhiteElo "1115"]
[BlackElo "1560"]
[Mode "WEB"]
[Result "1-0"]

1. e4 e5 2. Nf3 Bc5 3. Be2 Nf6 4. d3 Nc6 5. Nc3 d6 6. Bg5 h6 7. Bxf6 Qxf6 8. Nd5
Qg5 9. Nxg5 hxg5 10. Nxc7+ Kd7 11. Nxa8 b6 12. Nxb6+ axb6 13. Qd2 Nd4 14. Bg4+
Kc7 15. Bxc8 Kxc8 16. O-O-O g4 17. Qg5 Ne2+ 18. Kb1 g6 19. Qxg4+ Kc7 20. Qxe2 f6
21. Qg4 g5 22. g3 Kd8 23. f4 Ke7 24. fxg5 Rg8 25. gxf6+ Kf7 26. Qh4 Bf2 27. Qh7+
Kf8 28. f7 Rg7 29. Qh8+ Rg8 30. fxg8=Q+ Ke7 31. Qhg7# {VirgoNathan est échec et mat} 1-0

[Event "Tournament 14459 - Europe Echecs"]
[Site "Europe Echecs"]
[Date "2020.07.07"]
[Round "7"]
[Time "17:22:51"]
[PlyCount "95"]
[White "BildsteinNolan"]
[Black "ZylbersztejnDo"]
[WhiteElo "1111"]
[BlackElo "1316"]
[Mode "WEB"]
[Result "0-1"]

1. e4 e5 2. Nf3 Nc6 3. Bb5 d6 4. d4 exd4 5. Nxd4 Bd7 6. Nxc6 Bxc6 7. Bxc6+ bxc6
8. Nc3 Nf6 9. Bg5 Be7 10. O-O O-O 11. Qf3 Re8 12. Rfe1 h6 13. Bd2 d5 14. e5 Nd7
15. Qg3 Kh8 16. Rad1 Bh4 17. Qe3 Bg5 18. Qe2 Bxd2 19. Rxd2 Qg5 20. Ne4 dxe4 21.
Rxd7 Qxe5 22. Rxf7 Qxb2 23. Rxc7 Qxa2 24. Rxc6 Qd5 25. Rc4 Rad8 26. Rc3 a5 27.
Ra3 Rc8 28. Rd1 Qc5 29. Ra2 Re5 30. Qa6 Rf8 31. Qe2 Rfe8 32. c4 Rc8 33. Rc1 Rf8
34. Rf1 Ra8 35. Rfa1 Rc8 36. Rc2 Qb4 37. Rac1 a4 38. Rb2 Qa5 39. Rcb1 Qc7 40.
Rc2 Qc6 41. Rbc1 Qc5 42. Rc3 Rd8 43. R3c2 e3 44. f3 Rd2 45. Rxd2 exd2+ 46. Kh1
dxc1=Q+ 47. Qd1 Qxd1# {BildsteinNolan est échec et mat} 0-1

[Event "Tournament 14459 - Europe Echecs"]
[Site "Europe Echecs"]
[Date "2020.07.07"]
[Round "7"]
[Time "17:22:51"]
[PlyCount "109"]
[White "LoppinLylou"]
[Black "DabremontGuill"]
[WhiteElo "1102"]
[BlackElo "1311"]
[Mode "WEB"]
[Result "0-1"]

1. e4 e5 2. Nf3 Nc6 3. Nc3 Nf6 4. Be2 Bc5 5. O-O O-O 6. d3 d6 7. Bd2 Bd7 8. h3
Nd4 9. Nxd4 Bxd4 10. Nd5 Nxd5 11. exd5 Qf6 12. Bf3 Qg6 13. Bh5 Qf6 14. Qc1 Qf5
15. Bg4 Qf6 16. Bg5 Qg6 17. Bxd7 h6 18. Bd2 e4 19. dxe4 Qxe4 20. Re1 Qxd5 21.
Qd1 Qc5 22. Qg4 Bxf2+ 23. Kh1 Bxe1 24. Rxe1 g5 25. Qf3 Qxc2 26. Bf5 Qxd2 27. Rf1
Rfe8 28. Bb1 Re1 29. Bh7+ Kxh7 30. Qxf7+ Kh8 31. Qf6+ Kg8 32. Qg6+ Kh8 33. Qxh6+
Kg8 34. Qg6+ Kh8 35. Qf6+ Kh7 36. Kh2 Rxf1 37. Qxf1 Qf4+ 38. Qxf4 gxf4 39. g3 f3
40. Kg1 Rf8 41. Kf2 Kh6 42. h4 Kh5 43. b3 a5 44. a3 b5 45. b4 axb4 46. axb4 c5
47. bxc5 dxc5 48. g4+ Kxh4 49. g5 Kxg5 50. Ke3 f2 51. Kd3 f1=Q+ 52. Kc3 Qc4+ 53.
Kb2 Rf2+ 54. Ka3 Qd3# {LoppinLylou est échec et mat} 0-1

[Event "Tournament 14459 - Europe Echecs"]
[Site "Europe Echecs"]
[Date "2020.07.07"]
[Round "7"]
[Time "17:22:51"]
[PlyCount "135"]
[White "PerrinCyril"]
[Black "ChanthavongsaN"]
[WhiteElo "1084"]
[BlackElo "1253"]
[Mode "WEB"]
[Result "1-0"]

1. e4 c5 2. Nf3 d6 3. d4 cxd4 4. Nxd4 Nf6 5. Nc3 a6 6. Bc4 e5 7. Nf3 Be7 8. O-O
Be6 9. Bb3 O-O 10. Bg5 Nbd7 11. Bxf6 Nxf6 12. Re1 Rc8 13. Rc1 Nh5 14. Nd5 Bxd5
15. Bxd5 Nf4 16. Bxb7 Rb8 17. Bxa6 Rxb2 18. Bc4 Bg5 19. Nxg5 Qxg5 20. g3 Nh3+
21. Kg2 Nf4+ 22. Kh1 Ng6 23. Qxd6 Rd8 24. Qa3 Rbb8 25. Rb1 Qg4 26. Rxb8 Rxb8 27.
Qa7 Qf3+ 28. Kg1 Rd8 29. Bd3 Qg4 30. Kg2 Nf4+ 31. Kg1 h6 32. Qe3 Rd6 33. Be2 Qg5
34. h4 Nh3+ 35. Kh2 Qxe3 36. fxe3 Nf2 37. c4 Nxe4 38. a4 Nc3 39. c5 Rc6 40. Bb5
Nxb5 41. axb5 Rxc5 42. Rb1 Rc8 43. b6 Rb8 44. Kg2 Kf8 45. Kf3 Ke7 46. Ke4 Kd6
47. b7 f6 48. Kf5 Kc7 49. Kg6 Rxb7 50. Rxb7+ Kxb7 51. Kxg7 Kc6 52. Kxf6 Kd5 53.
Kf5 h5 54. g4 hxg4 55. Kxg4 Ke4 56. h5 Kxe3 57. h6 e4 58. h7 Kf2 59. h8=Q e3 60.
Qh1 Ke2 61. Qf3+ Kd2 62. Qd5+ Ke2 63. Kg3 Ke1 64. Qd4 e2 65. Qa1+ Kd2 66. Kf2
e1=Q+ 67. Qxe1+ Kd3 {ChanthavongsaN a abandonné} 1-0

[Event "Tournament 14459 - Europe Echecs"]
[Site "Europe Echecs"]
[Date "2020.07.07"]
[Round "7"]
[Time "17:22:51"]
[PlyCount "144"]
[White "BernardInes"]
[Black "RosuAlexandru"]
[WhiteElo "1250"]
[BlackElo "1126"]
[Mode "WEB"]
[Result "1-0"]

1. e4 e5 2. Nf3 Nc6 3. Bc4 Bc5 4. O-O d6 5. Nc3 Bg4 6. Bb5 Qf6 7. Be2 Nd4 8. d3
Nxf3+ 9. Bxf3 Bxf3 10. Qxf3 Qxf3 11. gxf3 O-O-O 12. Be3 Bxe3 13. fxe3 Nf6 14. f4
exf4 15. exf4 d5 16. e5 Ne8 17. Rf3 f6 18. d4 fxe5 19. fxe5 c6 20. Raf1 Nc7 21.
Rf7 Rhg8 22. Na4 b6 23. Nc3 Rd7 24. Rxd7 Kxd7 25. Rf7+ Kc8 26. Ne2 Kb8 27. c3
Ne6 28. Rf2 Rf8 29. Rxf8+ Nxf8 30. Kg2 Ne6 31. Kf3 c5 32. Kg4 cxd4 33. Nxd4 Nc5
34. Kf5 Kc7 35. e6 Kd6 36. b4 Nd3 37. Nb5+ Ke7 38. Nxa7 g6+ 39. Kg5 Kxe6 40. Kh6
Nc1 41. a3 Na2 42. Kxh7 Nxc3 43. Kxg6 d4 44. Nc6 Kd5 45. b5 d3 46. Nb4+ Kc4 47.
Nxd3 Kxd3 48. h4 Ne4 49. h5 Nd6 50. h6 Nxb5 51. h7 Nxa3 52. h8=Q Kc4 53. Qc8+
Kb5 54. Qf5+ Ka4 55. Kf6 b5 56. Ke5 b4 57. Qf4 Kb3 58. Kd5 Kc3 59. Kc5 b3 60.
Qb4+ Kb2 61. Qd2+ Ka1 62. Kb4 Nb1 63. Qd4+ Ka2 64. Qa7+ Kb2 65. Qf7 Nd2 66. Qf2
Kc2 67. Qc5+ Kb2 68. Qc3+ Ka2 69. Qxd2+ b2 70. Kc3 Ka3 71. Qxb2+ Ka4 72. Qb4# {RosuAlexandru est échec et mat} 1-0

[Event "Tournament 14459 - Europe Echecs"]
[Site "Europe Echecs"]
[Date "2020.07.07"]
[Round "7"]
[Time "17:22:51"]
[PlyCount "127"]
[White "LamorelleAlexe"]
[Black "RodriguezAugus"]
[WhiteElo "1009"]
[BlackElo "1229"]
[Mode "WEB"]
[Result "0-1"]

1. e4 e6 2. d4 d5 3. exd5 exd5 4. Nf3 Nf6 5. Nc3 Be7 6. Bg5 O-O 7. Bd3 Bg4 8.
O-O Nbd7 9. Re1 Nb6 10. Be2 c6 11. Qd3 h6 12. Bh4 Re8 13. Ne5 Bxe2 14. Rxe2 Nbd7
15. Bxf6 Bxf6 16. Nxd7 Qxd7 17. Rae1 Rxe2 18. Rxe2 Re8 19. Nd1 Rxe2 20. Qxe2
Bxd4 21. c3 Bf6 22. Ne3 Kf8 23. Qd3 g6 24. Nc4 Qe6 25. Ne3 Ke7 26. h3 Bg5 27.
Nc2 Bf6 28. Qd2 Bg5 29. Qd3 Qe4 30. Qxe4+ dxe4 31. Kf1 Bc1 32. b3 c5 33. Ke2 f5
34. f3 exf3+ 35. gxf3 Ke6 36. Kd3 b5 37. a4 a6 38. c4 bxa4 39. bxa4 Ke5 40. Ne3
Bxe3 41. Kxe3 f4+ 42. Kd3 g5 43. a5 h5 44. Kc3 Kf5 45. Kd3 g4 46. hxg4+ hxg4 47.
fxg4+ Kxg4 48. Ke2 Kg3 49. Kf1 Kf3 50. Ke1 Kg2 51. Ke2 f3+ 52. Ke1 f2+ 53. Ke2
f1=Q+ 54. Ke3 Qxc4 55. Kd2 Qd4+ 56. Kc2 c4 57. Kc1 Qd3 58. Kb2 c3+ 59. Kb3 c2+
60. Kb2 Qd2 61. Kb3 c1=Q 62. Ka4 Qc4+ 63. Ka3 Qda2# {LamorelleAlexe est échec et mat} 0-1

[Event "Tournament 14459 - Europe Echecs"]
[Site "Europe Echecs"]
[Date "2020.07.07"]
[Round "7"]
[Time "17:22:51"]
[PlyCount "59"]
[White "DresensClement"]
[Black "RobertPaul"]
[WhiteElo "1220"]
[BlackElo "1070"]
[Mode "WEB"]
[Result "0-1"]

1. e4 e5 2. Nf3 Nf6 3. Nc3 Nc6 4. Bc4 Bc5 5. O-O d6 6. h4 Bg4 7. d3 Nd4 8. Bg5
Nxf3+ 9. gxf3 Bh3 10. Re1 h6 11. Bd2 Nh5 12. Nd5 c6 13. Nc3 Qxh4 14. Qe2 Nf4 15.
Bxf4 Qxf4 16. Kh1 Qg5 17. Rg1 Qh4 18. Rxg7 Bf1+ 19. Kg1 Bxe2 20. Nxe2 Qxf2+ 21.
Kh1 Qxf3+ 22. Kh2 Qxe2+ 23. Kh1 Qh5+ 24. Kg2 Qe2+ 25. Kh1 d5 26. exd5 Qf3+ 27.
Rg2 Rg8 28. Rag1 Qh3+ 29. Rh2 Rxg1# {DresensClement est échec et mat} 0-1

[Event "Tournament 14459 - Europe Echecs"]
[Site "Europe Echecs"]
[Date "2020.07.07"]
[Round "7"]
[Time "17:22:51"]
[PlyCount "154"]
[White "ThibousMael"]
[Black "VossZachary"]
[WhiteElo "1094"]
[BlackElo "1196"]
[Mode "WEB"]
[Result "1-0"]

1. d4 d6 2. c4 Bf5 3. Nc3 Nf6 4. Nf3 g6 5. e3 Bg7 6. Bd3 Bxd3 7. Qxd3 O-O 8. O-O
Nbd7 9. e4 c5 10. d5 Nb6 11. Be3 e6 12. b3 exd5 13. exd5 Nfd7 14. Rac1 Re8 15.
Rfe1 Ne5 16. Nxe5 dxe5 17. Bxc5 Rc8 18. Be3 f5 19. f3 Re6 20. Bf2 Rc7 21. Rcd1
Ree7 22. d6 Rcd7 23. dxe7 Qxe7 24. Qe2 Rxd1 25. Qxd1 e4 26. fxe4 Bxc3 27. Re2
Bg7 28. exf5 Qg5 29. fxg6 Qxg6 30. Qd8+ Bf8 31. Bc5 Qb1+ 32. Kf2 Qf5+ 33. Ke1
Qb1+ 34. Kd2 Qxa2+ 35. Kc1 Qa1+ 36. Kc2 Qa2+ 37. Kd3 Qxb3+ 38. Kd2 Nxc4+ 39. Ke1
Qb1+ 40. Kf2 Qf5+ 41. Kg3 Qxc5 42. Re8 Qd6+ 43. Qxd6 Nxd6 44. Ra8 a6 45. Rb8 Kg7
46. Rd8 Nf5+ 47. Kh3 Nh4 48. Rd7+ Kg6 49. Kxh4 b5 50. Ra7 b4 51. Rxa6+ Kg7 52.
Rb6 h6 53. Kg4 Bc5 54. Rb7+ Kf6 55. Rc7 Bd6 56. Rc6 Ke5 57. Rb6 Bf8 58. Rb8 Bd6
59. Rb5+ Kd4 60. Kh5 Ke3 61. g4 Kd4 62. h3 Kc4 63. Rb6 Bf8 64. Rb8 Bg7 65. Rg8
Bd4 66. Kxh6 b3 67. Rc8+ Kd3 68. Rb8 Kc2 69. g5 b2 70. g6 b1=Q 71. Rxb1 Kxb1 72.
g7 Bxg7+ 73. Kxg7 Kc2 74. h4 Kd3 75. h5 Ke4 76. h6 Kf5 77. h7 {VossZachary a abandonné} 1-0

[Event "Tournament 14459 - Europe Echecs"]
[Site "Europe Echecs"]
[Date "2020.07.07"]
[Round "7"]
[Time "17:22:51"]
[PlyCount "22"]
[White "DevezeLeopold"]
[Black "SchmittVavihelA"]
[WhiteElo "1180"]
[BlackElo "1051"]
[Mode "WEB"]
[Result "1-0"]

1. d4 d5 2. Bf4 Nc6 3. e3 Nf6 4. c3 Bf5 5. Nd2 e6 6. Qb3 b6 7. Qa4 Qd7 8. Bb5 a6
9. Bxc6 Qxc6 10. Qxc6+ Ke7 11. Qxa8 {SchmittVavihelA a abandonné} 1-0

[Event "Tournament 14459 - Europe Echecs"]
[Site "Europe Echecs"]
[Date "2020.07.07"]
[Round "7"]
[Time "17:22:51"]
[PlyCount "54"]
[White "BoulosPaul"]
[Black "DeMartinoDanie"]
[WhiteElo "1705"]
[BlackElo "870"]
[Mode "WEB"]
[Result "1-0"]

1. e4 c5 2. Nc3 Nc6 3. f4 g6 4. Bb5 Bg7 5. Bxc6 bxc6 6. Nf3 Nf6 7. d3 O-O 8. O-O
d5 9. e5 Nd7 10. d4 cxd4 11. Nxd4 Qb6 12. Kh1 f6 13. Ne6 Re8 14. Nxd5 cxd5 15.
Qxd5 Bb7 16. Qxd7 Bc6 17. Qd4 Qb7 18. Rf2 Kf7 19. Nc5 Qb8 20. Qc4+ e6 21. Bd2
Qc7 22. Re1 Qb6 23. exf6 Bxf6 24. Nxe6 Kg8 25. Ng5+ Kg7 26. Qf7+ Kh6 27. Qxh7# {DeMartinoDanie est échec et mat} 1-0

[Event "Tournament 14459 - Europe Echecs"]
[Site "Europe Echecs"]
[Date "2020.07.07"]
[Round "7"]
[Time "17:22:51"]
[PlyCount "118"]
[White "DaghsenAdem"]
[Black "RaffinLeon"]
[WhiteElo "1400"]
[BlackElo "1080"]
[Mode "WEB"]
[Result "1-0"]

1. e4 e5 2. Nf3 Nc6 3. Bb5 Nf6 4. Bxc6 dxc6 5. Nc3 Qd4 6. Nxd4 Bc5 7. Nce2 Bxd4
8. Nxd4 exd4 9. O-O Bg4 10. f3 Be6 11. d3 O-O 12. c3 dxc3 13. bxc3 Rfd8 14. d4
Rd6 15. e5 Rd5 16. exf6 gxf6 17. f4 Re8 18. f5 Rxf5 19. Qg4+ Rg5 20. Bxg5 Bxg4
21. Rxf6 Be6 22. Bh6 a5 23. Raf1 Re7 24. R1f3 b5 25. Rg3+ Kh8 26. Bg7+ Kg8 27.
Bh6+ Kh8 28. Rf4 f6 29. Bg7+ Kg8 30. Bxf6+ Rg7 31. Rxg7+ Kf8 32. Rxh7 Bxa2 33.
Rh5 Bf7 34. Rh8+ Bg8 35. Be5+ Ke8 36. Rxg8+ Kd7 37. Rg5 Kc8 38. d5 c5 39. d6
cxd6 40. Bxd6 Kb7 41. Rxc5 Kb6 42. h4 a4 43. Rf1 a3 44. h5 a2 45. h6 Ka5 46. h7
Ka4 47. Rd5 Kb3 48. h8=Q b4 49. cxb4 a1=Q 50. Qxa1 Kc4 51. Rfd1 Kb3 52. R5d3+
Kc4 53. Rh3 Kb5 54. Rh4 Kc6 55. Qa5 Kd7 56. Rh6 Kc6 57. Bg3+ Kb7 58. Rd7+ Kc8
59. Qc7# {RaffinLeon est échec et mat} 1-0

[Event "Tournament 14459 - Europe Echecs"]
[Site "Europe Echecs"]
[Date "2020.07.07"]
[Round "7"]
[Time "17:22:51"]
[PlyCount "95"]
[White "ContieLilio"]
[Black "LuuFreundEstel"]
[WhiteElo "1315"]
[BlackElo "1046"]
[Mode "WEB"]
[Result "0-1"]

1. e4 e5 2. Nf3 Nc6 3. Nc3 Nf6 4. a3 d5 5. exd5 Nxd5 6. Bc4 Nxc3 7. bxc3 Bd6 8.
O-O O-O 9. d4 exd4 10. cxd4 Bg4 11. c3 Qf6 12. Be2 Qg6 13. Nh4 Qh5 14. Bxg4 Qxh4
15. g3 Qf6 16. Qd3 g6 17. Bb2 Rfe8 18. Qd2 Bf8 19. c4 Qd6 20. d5 Ne5 21. Bxe5
Rxe5 22. Rfe1 Rae8 23. Rxe5 Rxe5 24. a4 Qc5 25. Qd3 Qb4 26. Kg2 Re1 27. Rxe1
Qxe1 28. Qb3 b6 29. Qf3 Qe7 30. Qb3 Qc5 31. Bf3 a5 32. h3 Qb4 33. Qxb4 axb4 34.
Be4 Kg7 35. Kf3 Kf6 36. Ke3 Ke5 37. Bb1 Bc5+ 38. Ke2 Kd4 39. Kd2 Bd6 40. Ba2 f5
41. Kc2 h5 42. Kd2 g5 43. h4 gxh4 44. gxh4 f4 45. f3 Be7 46. Kc2 Bxh4 47. Kb3
Be7 {ContieLilio a perdu au temps} 0-1

[Event "Tournament 14459 - Europe Echecs"]
[Site "Europe Echecs"]
[Date "2020.07.07"]
[Round "7"]
[Time "17:22:51"]
[PlyCount "66"]
[White "MindeTimothe"]
[Black "ColinPenelope"]
[WhiteElo "1075"]
[BlackElo "1290"]
[Mode "WEB"]
[Result "1-0"]

1. e4 e5 2. Bc4 Bc5 3. Nf3 Nc6 4. O-O Nf6 5. d3 d6 6. Bg5 Bg4 7. c3 h6 8. Bh4 g5
9. Bg3 Rg8 10. Nbd2 h5 11. h3 Bxf3 12. Nxf3 h4 13. Bh2 Qe7 14. b4 Bb6 15. Qd2
O-O-O 16. Nxg5 Nh5 17. Nf3 Qf6 18. a4 Qg6 19. Nxh4 Qg7 20. a5 Qf6 21. axb6 Qxh4
22. bxa7 Nxa7 23. Rxa7 Kb8 24. Qa2 Kc8 25. Qa4 c6 26. Ra8+ Kc7 27. Qa5+ Kd7 28.
Rxd8+ Rxd8 29. Qa7 Rg8 30. Qxb7+ Kd8 31. Qxc6 Qxh3 32. Qxd6+ Kc8 33. Ba6# {ColinPenelope est échec et mat} 1-0

[Event "Tournament 14459 - Europe Echecs"]
[Site "Europe Echecs"]
[Date "2020.07.07"]
[Round "7"]
[Time "17:22:51"]
[PlyCount "52"]
[White "StrieviLeonie"]
[Black "RobertLouis"]
[WhiteElo "1280"]
[BlackElo "1080"]
[Mode "WEB"]
[Result "1-0"]

1. e4 e5 2. Nf3 Nf6 3. Nc3 Bb4 4. Bc4 O-O 5. a3 Bxc3 6. bxc3 Nxe4 7. O-O Nc6 8.
Bb2 d5 9. Bb3 Bg4 10. h3 Bh5 11. d3 Nf6 12. g4 Nxg4 13. hxg4 Bxg4 14. Qe2 Qf6
15. Kg2 Rfe8 16. Bxd5 Rad8 17. Be4 Qh6 18. Rh1 Qf4 19. Bxh7+ Kf8 20. Rh4 Bxf3+
21. Qxf3 Qxh4 22. Rh1 Qg5+ 23. Kf1 g6 24. Rg1 Qh6 25. Bxg6 Re6 26. Qxf7# {RobertLouis est échec et mat} 1-0

[Event "Tournament 14459 - Europe Echecs"]
[Site "Europe Echecs"]
[Date "2020.07.07"]
[Round "7"]
[Time "17:22:51"]
[PlyCount "99"]
[White "HorsotMaeva"]
[Black "LefortPierre"]
[WhiteElo "1070"]
[BlackElo "1240"]
[Mode "WEB"]
[Result "0-1"]

1. e4 e5 2. Nf3 Nc6 3. Bc4 Bc5 4. Nc3 Nf6 5. O-O O-O 6. d3 d6 7. h3 Bd7 8. Bg5
h6 9. Be3 Bxe3 10. fxe3 Be6 11. Bb3 Qd7 12. d4 Rfe8 13. Bxe6 fxe6 14. dxe5 dxe5
15. Qxd7 Nxd7 16. Rad1 Nf6 17. Nd2 Red8 18. Nc4 Rxd1 19. Rxd1 a6 20. a4 Rb8 21.
b3 b5 22. axb5 axb5 23. Na3 b4 24. Nc4 bxc3 25. Rd3 Nxe4 26. Rd7 Rc8 27. g4 Kf8
28. Kg2 Ke8 29. Rxg7 Rd8 30. Rg8+ Ke7 31. Kf3 Rxg8 32. Kxe4 Nb4 33. Kxe5 Nxc2
34. Ke4 Rd8 35. Ke5 Ne1 36. h4 c2 37. g5 hxg5 38. hxg5 c1=Q 39. g6 Nd3+ 40. Ke4
Qg1 41. g7 Qxg7 42. b4 Nxb4 43. Kf4 Nd5+ 44. Kf3 Rf8+ 45. Ke2 Qg2+ 46. Kd3 Nb6
47. e4 Nxc4 48. Kxc4 Qxe4+ 49. Kc5 Rf5# {HorsotMaeva est échec et mat} 0-1

[Event "Tournament 14459 - Europe Echecs"]
[Site "Europe Echecs"]
[Date "2020.07.07"]
[Round "7"]
[Time "17:22:51"]
[PlyCount "44"]
[White "BatailleSimon"]
[Black "NicaudSebastie"]
[WhiteElo "1230"]
[BlackElo "1058"]
[Mode "WEB"]
[Result "1-0"]

1. e4 e5 2. Nc3 Nf6 3. f4 exf4 4. e5 Qe7 5. Qe2 Ng8 6. Nf3 Nc6 7. d4 d5 8. exd6
Qxe2+ 9. Bxe2 cxd6 10. Bxf4 Nf6 11. O-O Bf5 12. Nb5 O-O-O 13. Rac1 a6 14. Nc3
Kb8 15. Bc4 Ka8 16. Bxf7 d5 17. Ne5 Nxd4 18. Be3 Bb4 19. Bxd4 Bxc3 20. Bxc3 d4
21. Ba5 Rd5 22. Bxd5 {NicaudSebastie a abandonné} 1-0

[Event "Tournament 14459 - Europe Echecs"]
[Site "Europe Echecs"]
[Date "2020.07.07"]
[Round "7"]
[Time "17:22:51"]
[PlyCount "105"]
[White "AnseeuwEmma"]
[Black "TriboutMarius"]
[WhiteElo "1228"]
[BlackElo "1037"]
[Mode "WEB"]
[Result "0-1"]

1. e4 e5 2. Nc3 Nf6 3. Nf3 Nc6 4. Bc4 Nxe4 5. Nxe4 d5 6. Bxd5 Qxd5 7. Nc3 Qd8 8.
O-O Bg4 9. h3 Bh5 10. Qe2 Bd6 11. Qe3 O-O 12. Ne1 b6 13. Qg3 e4 14. d3 Bxg3 15.
fxg3 exd3 16. cxd3 Bg6 17. Be3 Bxd3 18. Nxd3 Qxd3 19. Bf4 Qd4+ 20. Kh1 Qd8 21.
Rad1 Qc8 22. Nb5 a6 23. Nxc7 Ra7 24. Nd5 Rd8 25. a4 h6 26. b4 Qe6 27. b5 Rxd5
28. Rxd5 Qxd5 29. bxc6 Qxc6 30. Rd1 Rd7 31. Re1 Qxa4 32. Re8+ Kh7 33. Re1 Qb4
34. Rc1 Re7 35. Rd1 Re1+ 36. Rxe1 Qxe1+ 37. Kh2 a5 38. Bc7 Qb4 39. Bb8 a4 40.
Bc7 a3 41. Be5 a2 42. h4 Qc5 43. Bb2 b5 44. Kh3 b4 45. Kg4 b3 46. Kf3 Qc2 47.
Be5 b2 48. Bd6 a1=Q 49. Kg4 b1=Q 50. Kh3 Qf5+ 51. g4 Qfd3+ 52. g3 Qh1# {AnseeuwEmma est échec et mat} 0-1

[Event "Tournament 14459 - Europe Echecs"]
[Site "Europe Echecs"]
[Date "2020.07.07"]
[Round "7"]
[Time "17:22:51"]
[PlyCount "42"]
[White "WadelOlivier"]
[Black "SamorukovBoris"]
[WhiteElo "1070"]
[BlackElo "1185"]
[Mode "WEB"]
[Result "0-1"]

1. e4 c5 2. Nc3 e6 3. Nf3 f6 4. Bc4 d5 5. exd5 exd5 6. Nxd5 Be6 7. Nc7+ Qxc7 8.
Bxe6 c4 9. O-O Qd6 10. Re1 Nh6 11. Bd5+ Be7 12. Bxb7 O-O 13. Bxa8 Nc6 14. Bxc6
Qxc6 15. d3 Rd8 16. Rxe7 Rd5 17. dxc4 Rxd1+ 18. Ne1 Qd6 19. Bxh6 Rxa1 20. Re2
Qd1 21. Re8+ {WadelOlivier a abandonné} 0-1

[Event "Tournament 14459 - Europe Echecs"]
[Site "Europe Echecs"]
[Date "2020.07.07"]
[Round "7"]
[Time "17:22:51"]
[PlyCount "80"]
[White "IentileTimeo"]
[Black "PalmierNathan"]
[WhiteElo "1064"]
[BlackElo "1150"]
[Mode "WEB"]
[Result "1-0"]

1. d4 d5 2. c4 e6 3. Nc3 Nf6 4. e3 Bb4 5. Nf3 Nc6 6. Bd3 dxc4 7. Bxc4 O-O 8. O-O
Bxc3 9. bxc3 Re8 10. Bb3 e5 11. dxe5 Nxe5 12. Nxe5 Qxd1 13. Rxd1 Rxe5 14. Rd8+
Re8 15. Rxe8+ Nxe8 16. Ba3 Bf5 17. Rd1 Nd6 18. Bxd6 cxd6 19. Rxd6 Bb1 20. h3 h6
21. Rd7 Be4 22. Rxf7 Kh8 23. f3 Bg6 24. Rxb7 Re8 25. Bf7 Bxf7 26. Rxf7 Rxe3 27.
Rxa7 Rxc3 28. Kf2 Rc2+ 29. Ke3 Rxg2 30. Rb7 Rxa2 31. Rb8+ Kh7 32. Kf4 g5+ 33.
Kg4 Kg6 34. Rb6+ Kh7 35. Kh5 Ra3 36. Rb7+ Kh8 37. Kg6 Ra8 38. Kxh6 Rf8 39. Re7
Rg8 40. Rh7# {PalmierNathan est échec et mat} 1-0

[Event "Tournament 14459 - Europe Echecs"]
[Site "Europe Echecs"]
[Date "2020.07.07"]
[Round "7"]
[Time "17:22:51"]
[PlyCount "70"]
[White "SpagnoloLouis"]
[Black "EripretRaoul"]
[WhiteElo "1141"]
[BlackElo "799"]
[Mode "WEB"]
[Result "1-0"]

1. e4 e5 2. Nf3 Nc6 3. Bc4 Nf6 4. d3 Bc5 5. Nc3 d6 6. Bg5 h6 7. Bh4 g5 8. Nxg5
hxg5 9. Bxg5 a6 10. Nd5 Bg4 11. f3 Be3 12. Nxf6+ Kf8 13. Nh7+ Rxh7 14. Bxd8 Rxd8
15. fxg4 Bd4 16. Qf3 Bxb2 17. Rb1 Bc3+ 18. Kd1 Nb4 19. a3 Na2 20. Rxb7 Ba5 21.
Qf5 Nc3+ 22. Kc1 Ne2+ 23. Kb2 Bc3+ 24. Kb3 Ba5 25. Qxh7 Nc1+ 26. Ka4 Rd7 27.
Qh8+ Ke7 28. Qh4+ Kf8 29. Rb8+ Kg7 30. Qg5+ Kh7 31. Qf5+ Kg7 32. Qxd7 Kh7 33.
Qxf7+ Kh6 34. Rh8+ Kg5 35. Qf5# {EripretRaoul est échec et mat} 1-0

[Event "Tournament 14459 - Europe Echecs"]
[Site "Europe Echecs"]
[Date "2020.07.07"]
[Round "7"]
[Time "17:22:51"]
[PlyCount "60"]
[White "SauerMathis"]
[Black "RachidNatalia"]
[WhiteElo "1058"]
[BlackElo "1131"]
[Mode "WEB"]
[Result "1-0"]

1. e4 e5 2. Nf3 Nc6 3. Bb5 a6 4. Ba4 Bc5 5. O-O Nf6 6. Re1 O-O 7. h3 d6 8. c3
Be6 9. d4 exd4 10. cxd4 Nxd4 11. Nxd4 Bxd4 12. Qxd4 b5 13. Bb3 Bd7 14. e5 dxe5
15. Rxe5 Re8 16. Bg5 h6 17. Bh4 Rxe5 18. Qxe5 Bc6 19. Bxf6 gxf6 20. Qg3+ Kf8 21.
Nc3 b4 22. Rd1 Qe7 23. Nd5 Bxd5 24. Bxd5 Re8 25. Rf1 Qc5 26. Bb3 Qc6 27. Rd1 h5
28. Qh4 Qc5 29. Qxf6 Qb5 30. Qxf7# {RachidNatalia est échec et mat} 1-0

[Event "Tournament 14459 - Europe Echecs"]
[Site "Europe Echecs"]
[Date "2020.07.07"]
[Round "7"]
[Time "17:22:51"]
[PlyCount "61"]
[White "DespauxAxel"]
[Black "DinoniAttaliMy"]
[WhiteElo "1041"]
[BlackElo "1129"]
[Mode "WEB"]
[Result "0-1"]

1. e4 c5 2. Nc3 Nc6 3. f4 Nf6 4. Nf3 d5 5. exd5 Nxd5 6. Nxd5 Qxd5 7. Bb5 a6 8.
Ba4 b5 9. Bb3 c4 10. Bxc4 Qxc4 11. d3 Qc5 12. d4 Qb4+ 13. c3 Qa5 14. O-O b4 15.
Re1 bxc3 16. bxc3 e6 17. Bb2 Bd6 18. f5 O-O 19. fxe6 fxe6 20. Ng5 Qxg5 21. g3
Qf6 22. Qd2 Rb8 23. Rf1 Qg6 24. Rfe1 e5 25. dxe5 Nxe5 26. Qd5+ Kh8 27. Rab1 Bb7
28. Qa5 Nc4 29. Qa4 Bc5+ 30. Re3 Bxe3# {DespauxAxel est échec et mat} 0-1

[Event "Tournament 14459 - Europe Echecs"]
[Site "Europe Echecs"]
[Date "2020.07.07"]
[Round "7"]
[Time "17:22:51"]
[PlyCount "45"]
[White "NormandPaulArt"]
[Black "GarcinEleonore"]
[WhiteElo "1120"]
[BlackElo "799"]
[Mode "WEB"]
[Result "0-1"]

1. e4 e5 2. Nf3 Bc5 3. Nxe5 Qf6 4. Nf3 g5 5. g4 h5 6. h3 hxg4 7. Be2 gxf3 8.
Bxf3 Qd4 9. O-O Rh5 10. c3 Qe5 11. Bxh5 Bd6 12. f4 gxf4 13. Qg4 Nf6 14. Qg2 Nxh5
15. Qg8+ Ke7 16. Qd8+ Kxd8 17. d4 Qg5+ 18. Kf2 Qg3+ 19. Ke2 Qg2+ 20. Kd3 Qxf1+
21. Kd2 Ng3 22. e5 Qe2# {NormandPaulArt est échec et mat} 0-1